000 00332nam a2200133Ia 4500
005 20260326235500.0
008 260326s9999||||xx |||||||||||||| ||und||
100 _aMontero, Marta Iris
245 0 _aBurle Marx :
_b Paisajes lĂ­ricos /
_cMarta Iris Montero
260 _bIris
300 _a205 p.
650 _aPAISAJISMO
942 _cBK
999 _c8058
_d8058